00671 2200253 4500001002100000005001700021008004100038020001800079035002400097082001100121090001800132100001900150245006400169250001000233260003100243300002500274500003100299650002100330700001900351850001500370980001100385985000600396999001500402YOGYA-0209000001809420090227022830.0 ind  a979-413-540-2 0010-020900000018094 a639.31 a639.31bAfr T aAFRIANTO, Eddy aTeknik pembuatan tambak udangcEddy Afrianto, Evi Liviawaty aCet.2 aYogyakartabKanisiusc1991 a132 hlmbilusc21 cm aBibliografi : hlm. 129-132 aUdang - Budidaya aLiviawaty, Evi aYOPDYOG(B) a050406 a1 a95P0069420